A First course in information theory

Zapisane w:
Opis bibliograficzny
1. autor: Raymond W. Yeung
Format: Książka
Język:Undetermined
Wydane: New York, NY Kluwer Academic 2002
Hasła przedmiotowe:
Etykiety: Dodaj etykietę
Nie ma etykietki, Dołącz pierwszą etykiete!
Thư viện lưu trữ: Trung tâm Học liệu Trường Đại học Cần Thơ
LEADER 00626nam a2200193Ia 4500
001 CTU_58773
008 210402s9999 xx 000 0 und d
020 |b 142 
082 |a 004 
082 |b Y48 
100 |a Raymond W. Yeung 
245 2 |a A First course in information theory 
245 0 |c Raymond W. Yeung 
260 |a New York, NY 
260 |b Kluwer Academic 
260 |c 2002 
650 |a infomation science,information storage and retrieval systems,information technology,electronic data processing,information resources management 
904 |i Minh 
980 |a Trung tâm Học liệu Trường Đại học Cần Thơ